• 首页
  • 本馆介绍
  • 公告通知
  • 最新文献
  • 馆藏检索
  • 电子资源
  • 读者导购
  • 参考咨询
  • 我的图书馆
  • 登录
  • 详细信息显示
  • 放入我的书架
  • 预约/预借图书
  • 作者相关作品
  • 分类相关作品
  • 丛书相关作品
  • 出版社相关作品

书目信息

  • 表格格式
  • 工作单格式
  • 卡片格式
题名:
污水处理系统的建模、诊断和控制
    
 
作者: 乌尔松 , 纽厄尔 编著 ;高景峰 , 彭永臻 译
分册:  
出版信息: 北京   化学工业出版社  2005
页数: 403页
开本: 26cm
丛书名:
单 册:
中图分类: X703.3
科图分类:
主题词: 污水处理设备
电子资源:
ISBN: 7-5025-6137-4
000 01257nam0 2200301 450
001 002785868
005 20070805151911.92
010    @a7-5025-6137-4@dCNY60.00
035    @a002785868
100    @a20041222d2005 em y0chiy0110 ea
101 1  @achi@c[eng]
102    @aCN@b110000
105    @aa z 000yy
106    @ar
200 1  @a污水处理系统的建模、诊断和控制@Awu shui chu li xi tong de jian mo 、 zhen duan he kong zhi@f(瑞)G.乌尔松(Gustaf Olsson),(澳)B.纽厄尔(Bob Newell)编著@F( rui )G. wu er song (Gustaf Olsson),( ao )B. niu e er (Bob Newell) bian zhu@g高景峰,彭永臻译@Ggao jing feng, peng yong zhen yi
210    @a北京@c化学工业出版社@d2005
215    @a403页@c照片@d26cm
305    @aIWA Publishing出版公司授权出版
330    @a本书是一本关于污水处理自动控制和运行管理的专著,全书共23章,分为5大部分:建模、诊断、控制、仪器、展望。
510 1  @aWastewater Treatment Systems: Modelling, Diagnosis and Control@zeng
606 0  @a污水处理设备
690    @aX703.3@v4
701  0 @c(瑞典)@a乌尔松@Awu er song@c(Olsson, Gustaf)@4编著
701  0 @c(澳)@a纽厄尔@Aniu e er@c(Newell, Bob)@4编著
702  0 @a高景峰@Agao jing feng@4译
702  0 @a彭永臻@Apeng yong zhen@4译
801  0 @aCN@bNLC@c20070805
905    @dX703.3@e112@f5
    
    污水处理系统的建模、诊断和控制/(瑞)G.乌尔松(Gustaf Olsson),(澳)B.纽厄尔(Bob Newell)编著/高景峰,彭永臻译.-北京:化学工业出版社,2005
    403页:照片;26cm
    
    
    ISBN 7-5025-6137-4:CNY60.00
    本书是一本关于污水处理自动控制和运行管理的专著,全书共23章,分为5大部分:建模、诊断、控制、仪器、展望。
●
相关链接 在E读中查询图书 在五车中查询图书 在当当中查询图书 在豆瓣中查询图书


正题名:污水处理系统的建模、诊断和控制     索取号:X703.3/112         预约/预借

序号 登录号 条形码 馆藏地/架位号 状态 备注
1 0851149   208511494   第二样本阅览室/ [索取号:X703.3/112] 在馆    
2 0851150   208511500   第三借阅区/ [索取号:X703.3/112] 在馆    
3 0851151   208511519   第三借阅区/ [索取号:X703.3/112] 在馆    
4 0851152   208511528   第三借阅区/ [索取号:X703.3/112] 在馆    
5 0851153   208511537   第三借阅区/ [索取号:X703.3/112] 在馆    
唐山师范学院图书馆 欢迎您!
大连网信软件有限公司© 版权所有